000 01313nam a2200349 c 4500
700 _aБаева, Надя Димитрова
_eпрев. от англ.
_9383768
999 _c347387
_d347387
003 BLK
005 20250728105154.0
008 180410b bul|||||r ||||||| ||bul||
010 _aKNG00159329000
020 _a9789542830375
040 _aBLK
041 _aBUL
_cBUL
072 7 _2bullib
_aН83
_xЧужда художествена литература Н
080 _aАмериканска литература (на САЩ)
_b821.111(73)
_x-31
_z821.111(73)-31
100 _aХилдебранд, Елин
_9331899
139 _aХилдебранд, Елин
_bХ 49
245 1 0 _aЗима в Рая
_bРоман
_cЕлин Хилдебранд; прев. от англ. Надя Баева
257 _aUSA
260 _bСиела Норма
_c2019
_9217021
_aСофия
_n978-954-28-
300 _a328 с.
_c20 см
380 _aX
500 _aОриг. загл.: Winter in Paradise / Elin Hilderbrand За автора: с. 326. - Кн. 1 от трилогията Рай.
653 _aромани
852 _bП
_cП 820(73)-31/К 49
856 4 _qpdf
856 4 _qpdf
942 _cKNG
_n0
_088
_s1
999 _d347387
999 _d347387
944 _k30576
_lЦветомила Тодорова